Films avec Francis Blanche en images - Statistiques

Statistiques générales
  • Ce quiz a été pris 7 fois
  • Le résultat moyen est 5 sur 16
Statistiques - réponses
Par images Réponse % Correct
Les Tontons flingueurs
100%
Les Barbouzes
83%
Belle de jour
67%
Babette s'en va-t-en guerre
33%
La Grande sauterelle
33%
Le Septième juré
33%
Un drôle de paroissien
33%
Ces messieurs de la famille
17%
Du mou dans la gachette
17%
Galia
17%
La Grosse combine
17%
Les malabars sont au parfum
17%
L'étalon
0%
L'odeur des fauves
0%
O.K. Patron
0%
Par le sang des autres
0%
Aucun quiz correspondant
Distribution des résultats
% des personnes avec chaque résultat
Percentile par nombre de réponses
Votre historique - résultats
Vous n’avez pas pris ce quiz